Catálogo
 En Linea
Vista normal Vista MARC

Entrada Nombre de reunión

Número de registros utilizados en: 1

001 - NÚMERO DE CONTROL

  • campo de control: 68820

003 - IDENTIFICADOR DEL NÚMERO DE CONTROL

  • campo de control: OSt

005 - FECHA Y HORA DE LA ÚLTIMA TRANSACCIÓN

  • campo de control: 20200615035826.0

008 - DATOS DE LONGITUD FIJA

  • campo de control de longitud fija: 200615|| aca||aabn | a|a d

040 ## - FUENTE DE LA CATALOGACIÓN

  • Centro catalogador/agencia de origen: OSt
  • Centro/agencia transcriptor: OSt

111 ## - ENCABEZAMIENTO--NOMBRE DE CONGRESO/REUNIÓN

  • Nombre de congreso/reunión o jurisdicción como elemento de entrada: Reunión de Parlamentarios Iberoamericanos sobre Ciencia y Tecnología
  • Número del congreso/reunión o número de parte o sección: (11 al 15 de noviembre :
  • Fecha del congreso/reunión: 1985
  • Sede del congreso/Lugar de la reunión: Madrid y Salamanca)

670 ## - FUENTE DE DATOS ENCONTRADOS

  • Cita de la fuente: Work cat.: (OSt)41408: Reunión de Parlamentarios Iberoamericanos sobre Ciencia y Tecnología (11 al 15 de noviembre : 1985 Madrid y Salamanca), Sesiones de la reunión de parlamentarios iberoamericanos sobre ciencia y tecnología /, 1986.

Con tecnología Koha